Entry Personal Name
Number of records used in: 1
001 - CONTROL NUMBER
003 - CONTROL NUMBER IDENTIFIER
005 - DATE AND TIME OF LATEST TRANSACTION
- control field:
20250910135342.0
008 - FIXED-LENGTH DATA ELEMENTS
- fixed length control field:
250910|| aca||aabn | a|a d
040 ## - CATALOGING SOURCE
- Original cataloging agency:
JRU
- Transcribing agency:
JRU
100 ## - HEADING--PERSONAL NAME
- Personal name:
SEN, AJOY KUMAR
670 ## - SOURCE DATA FOUND
- Source citation:
Work cat.: (JRU)8822: SEN, AJOY KUMAR, LABORATORY MANUAL OF GEOLOGY